Prénom de monocouille en france - Statistiques

Statistiques générales
  • Ce quiz a été pris 34 fois
  • Le résultat moyen est 2 sur 10
Statistiques - réponses
Indice Réponse % Correct
98 876 personnes Enzo
50%
67 359 personnes Adolf
35%
987 654 321 personnes Noa
35%
5 567 personnes Antoine
30%
56 765 personnes Hervé
15%
1 seule à PMF Florian
10%
45 872 personnes Haris
10%
8 000 personnes Dorian
5%
37 635 personnes Raphael
5%
5 personnes Lenny
0%
Aucun quiz correspondant
Distribution des résultats
% des personnes avec chaque résultat
Percentile par nombre de réponses
Votre historique - résultats
Vous n’avez pas pris ce quiz